000
00362nam a2200145Ia 4500
008
231129s1995||||xx |||||||||||||| ||spa||
020
_a
84-7509-987-4
040
_b
spa
082
_a
193 P831b
100
_a
Popper Karl
245
0
_a
En busca de un mundo mejor
260
_c
1995
264
_a
Paidos
942
_2
ddc
_c
BKS
999
_c
12840
_d
12840